000 00952nam a22002057a 4500
005 20260210093349.0
008 250123b |||||||| |||| 00| 0 eng d
082 _aDPer 371.206005 J826 Summer-Fall 2022 v. 48 n. 1-2
100 _aMcMorris, Claire.
_eauthor.
_964743
245 _aHow states prioritize educational needs during the covid-19 pandemic :
_bassessing the distribution of the governor's emergency education relief fund /
_cClaire McMorris and David S. Knight.
260 _aIllinois ;
_bUniversity of Illinois Press ,
_cSummer 2022.
300 _aVolume 115, pages 5-33 :
_billustration ;
_c26 cm.
500 _aJournal of Education Finance, vol. 48, no. 1, pages 5-33, Summer 2022.
650 0 _a Budgeting.
_964878
650 0 _aCOVID-19 (Disease)
_xEconomic aspects.
_944383
650 0 _aEducation — Finance.
_949342
700 _aMcMorris, Claire.
_eauthor.
_964743
700 _aKnight, David S.
_eauthor.
_964744
942 _2ddc
_cPER
999 _c23354
_d23354